000 00617nam a2200169Ia 4500
008 090711s9999 xx 000 0 und d
082 _b51458
100 _aिSारमुले शरSSांद्र वा.
245 _aएका जन्मातल्या गाठी
260 _c1985
300 _a184
600 _aिSारमुले शरSSांद्र वा.
630 _aएका जन्मातल्या गाठी
700 _aिSारमुले शरSSांद्र वा.
730 _aएका जन्मातल्या गाठी
942 _cBOOK
999 _c309760
_d309760